| 000 | 00393nam a2200121Ia 4500 | ||
|---|---|---|---|
| 008 | 150223s9999 xx 000 0 und d | ||
| 020 | _a9780521421454 | ||
| 050 | _b.G144 1995 | ||
| 100 | _aGairns, Ruth. | ||
| 245 |
_aTrue to life : _bpre - intermediate / _cRuth Gairns. |
||
| 260 |
_aUnited Kingdom : _bCambridge University Press, _c1995 |
||
| 300 |
_a176 pages : _bColored, Illustration ; _c28 cm. |
||
| 999 |
_c283300 _d283300 |
||